000
00268nam a2200109Ia 4500
008
220204s9999 xx 000 0 und d
082
_a
929 A/Z(ELV)
_b
HOP;1
100
_a
Hopkins, Jerry
245
0
_a
Elvis: A biography
260
_a
New York
_b
Warner
_c
1975
942
_c
BK
999
_c
31550
_d
31550